[Event "36th ECC Open 2021"]
[Site "Struga MKD"]
[Date "2021.09.20"]
[Round "3.13"]
[Board "4"]
[White "Loescher, Leon"]
[Black "Johannesson, Ingvar Thor"]
[Result "0-1"]
[BlackTitle "FM"]
[WhiteElo "1847"]
[BlackElo "2346"]
[WhiteTeam "SV Raika Rapid Feffernitz"]
[BlackTeam "Reykjavik"]
[WhiteFideId "1623915"]
[BlackFideId "2301490"]
[EventDate "2021.09.18"]
[EventType "team"]

1. d4 Nf6 2. c4 b6 3. Nc3 Bb7 4. Nf3 g6 5. Qc2 Bxf3 6. gxf3 c5 7. d5 e5 8. f4
exf4 9. Bxf4 d6 10. e4 Nh5 11. Be3 Nd7 12. Be2 Nhf6 13. O-O-O Bg7 14. Rdg1 a6
15. h4 h5 16. f4 Bh6 17. Bd2 Qc7 18. Bf3 O-O-O 19. Qa4 Nb8 20. Kc2 Rhe8 21. Rb1
Re7 22. Rhe1 Qd7 23. Qb3 Qh3 24. Na4 b5 25. Nb6+ Kb7 26. cxb5 Kxb6 27. bxa6+ Ka7
28. Ba5 Rdd7 29. e5 Qh2+ 30. Re2 Qxf4 31. exf6 Rxe2+ 32. Bxe2 Qe4+ 33. Qd3 Qa4+
34. Qb3 Qxa5 35. Rd1 Qb4 36. Qd3 Qa4+ 37. Kb1 Nxa6 38. Qb5 Qxb5 39. Bxb5 Rc7 40.
Re1 Nb4 41. Bc4 Bf4 42. Re7 Rb7 43. a3 Na6 44. Bb5 Be5 45. Be8 Rxe7 46. fxe7 Bf6
47. Bxf7 Bxe7 48. Bxg6 Nc7 49. Bxh5 Nxd5 0-1

[Event "36th ECC Open 2021"]
[Site "Struga MKD"]
[Date "2021.09.20"]
[Round "3.13"]
[Board "5"]
[White "Mai, Alexander Oliver"]
[Black "Tscharnuter, Noah"]
[Result "1-0"]
[WhiteElo "2042"]
[BlackElo "1897"]
[WhiteTeam "Reykjavik"]
[BlackTeam "SV Raika Rapid Feffernitz"]
[WhiteFideId "2313391"]
[BlackFideId "1636235"]
[EventDate "2021.09.18"]
[EventType "team"]

1. e4 e5 2. Nf3 Nc6 3. Bb5 a6 4. Ba4 Nf6 5. O-O Be7 6. Re1 b5 7. Bb3 O-O 8. a4
Na5 9. Nxe5 d6 10. Nf3 Nxb3 11. cxb3 Bb7 12. d3 Re8 13. Nc3 b4 14. Ne2 Bf8 15.
Ng3 g6 16. Qc2 Bg7 17. d4 a5 18. Bf4 h6 19. h3 Nd7 20. Rad1 Nf8 21. Be3 Qe7 22.
Nd2 Ne6 23. d5 Nf8 24. Rc1 Rec8 25. Nc4 Nd7 26. Qd2 Nc5 27. Bxc5 dxc5 28. Rcd1
Rd8 29. Nf1 Qh4 30. Nh2 Ra6 31. Nf3 Qh5 32. Qe3 Bc8 33. Rd3 Rf6 34. Nxa5 Ba6 35.
Nc4 Rxf3 36. Qxf3 Qxf3 37. Rxf3 Bxc4 38. bxc4 Bxb2 39. e5 Rb8 40. e6 f6 41. Rb3
Be5 42. Re2 Kf8 43. Ra2 Ra8 44. Kf1 Ke7 45. Ke2 c6 46. dxc6 Kxe6 47. Kd1 Kd6 48.
Rd3+ Kxc6 49. Kc2 Bd4 50. Kb3 Re8 51. a5 Kb7 52. a6+ Ka7 53. Rxd4 cxd4 54. Kxb4
h5 55. c5 d3 56. Rd2 Kxa6 57. Kc4 Kb7 58. Rxd3 Re2 59. Rf3 f5 60. Kd5 Kc7 61. h4 1-0

[Event "36th ECC Open 2021"]
[Site "Struga MKD"]
[Date "2021.09.20"]
[Round "3.13"]
[Board "6"]
[White "Valtiner, Adamo"]
[Black "Jonsson, Gauti Pall"]
[Result "1-0"]
[WhiteElo "1946"]
[BlackElo "2053"]
[WhiteTeam "SV Raika Rapid Feffernitz"]
[BlackTeam "Reykjavik"]
[WhiteFideId "1647962"]
[BlackFideId "2309092"]
[EventDate "2021.09.18"]
[EventType "team"]

1. e4 e5 2. Bc4 Nf6 3. d4 exd4 4. Qxd4 Nc6 5. Qe3 Qe7 6. Nc3 Qb4 7. Bd3 Bc5 8.
Qg3 O-O 9. Bd2 Bd6 10. f4 Nh5 11. Qg4 Nxf4 12. Nd5 Nxd3+ 13. cxd3 Qb5 14. Nf3
Ne5 15. Nf6+ Kh8 16. Qh4 Nxd3+ 17. Kd1 Nxb2+ 18. Kc2 Qd3+ 19. Kc1 h6 20. a3 Nc4
21. Bxh6 Qc3+ 22. Kd1 Nb2+ 23. Ke2 Qc4+ 24. Kf2 Nd3+ 25. Kg1 1-0

[Event "36th ECC Open 2021"]
[Site "Struga MKD"]
[Date "2021.09.20"]
[Round "3.14"]
[Board "1"]
[White "Kunin, Vitaly"]
[Black "Haria, Ravi"]
[Result "1-0"]
[WhiteTitle "GM"]
[BlackTitle "IM"]
[WhiteElo "2562"]
[BlackElo "2465"]
[WhiteTeam "Gambit Bonnevoie"]
[BlackTeam "Gonzaga"]
[WhiteFideId "4128737"]
[BlackFideId "415820"]
[EventDate "2021.09.18"]
[EventType "team"]

1. Nf3 Nf6 2. c4 e6 3. Nc3 d5 4. e3 a6 5. b3 b6 6. Bb2 Bb7 7. Be2 Nbd7 8. O-O
Bd6 9. a4 c5 10. a5 bxa5 11. cxd5 exd5 12. d4 O-O 13. Na4 Ne4 14. g3 Bc6 15.
dxc5 Ndxc5 16. Nxc5 Bxc5 17. Nd4 Bd7 18. Bg4 Bb5 19. Be2 Bd7 20. Qd3 Qb6 21. Ra2
Rfc8 22. Bf3 Bxd4 23. Bxd4 Qg6 24. Rd1 Ng5 25. Qxg6 Nxf3+ 26. Kg2 hxg6 27. Kxf3
a4 28. bxa4 Rab8 29. a5 Rc4 30. g4 g5 31. Kg3 Rb5 32. h4 gxh4+ 33. Kxh4 f6 34.
Kg3 Kf7 35. Rh1 Rb3 36. f3 Rc8 37. Kf4 Kg6 38. Raa1 Bb5 39. Rh5 Rd8 40. Rah1 Bc4
41. g5 Rb1 42. Rxb1 Kxh5 43. gxf6 gxf6 44. Bxf6 Rf8 45. Ke5 Re8+ 46. Kd4 Be2 47.
Rb6 Bxf3 48. Rxa6 Re4+ 49. Kd3 Ra4 50. Bd4 Ra2 51. Ra8 Be2+ 52. Kc3 Ra4 53. Kb3
Bd1+ 54. Kc3 Be2 55. Bb6 Kg6 56. Rd8 Bf3 57. Rf8 Be2 58. Rf2 Bb5 59. Kb3 Rc4 60.
Rf8 Kg7 61. Rf5 Ba4+ 62. Kb2 Bc2 63. Rxd5 Be4 64. Re5 Bd3 65. Bd4 Kf7 66. a6 Rc6
67. a7 Rc8 68. Ka3 Ba6 69. Kb4 Bb7 70. Rb5 Be4 71. Rb8 Re8 1-0

[Event "36th ECC Open 2021"]
[Site "Struga MKD"]
[Date "2021.09.20"]
[Round "3.14"]
[Board "2"]
[White "O'Donnell, Conor"]
[Black "Godart, Francois"]
[Result "1/2-1/2"]
[WhiteTitle "FM"]
[BlackTitle "IM"]
[WhiteElo "2303"]
[BlackElo "2407"]
[WhiteTeam "Gonzaga"]
[BlackTeam "Gambit Bonnevoie"]
[WhiteFideId "2504243"]
[BlackFideId "208078"]
[EventDate "2021.09.18"]
[EventType "team"]

1. d4 d5 2. c4 e6 3. Nc3 c6 4. e4 dxe4 5. Nxe4 Bb4+ 6. Bd2 Qxd4 7. Bxb4 Qxe4+ 8.
Be2 Na6 9. Bd6 Qxg2 10. Qd2 e5 11. O-O-O Qe4 12. Bxe5 Bf5 13. Bd3 Qxd3 14. Qxd3
Bxd3 15. Bxg7 Nb4 16. a3 Na2+ 17. Kd2 O-O-O 18. Ke1 Re8+ 19. Kd2 Rd8 20. Ke1
Re8+ 21. Kd2 Rd8 22. Ke1 Re8+ 1/2-1/2

[Event "36th ECC Open 2021"]
[Site "Struga MKD"]
[Date "2021.09.20"]
[Round "3.14"]
[Board "3"]
[White "Dishman, Stephen"]
[Black "Kanyamarala, Tarun"]
[Result "1/2-1/2"]
[BlackTitle "FM"]
[WhiteElo "2316"]
[BlackElo "2275"]
[WhiteTeam "Gambit Bonnevoie"]
[BlackTeam "Gonzaga"]
[WhiteFideId "403024"]
[BlackFideId "45004714"]
[EventDate "2021.09.18"]
[EventType "team"]

1. Nf3 d5 2. c4 d4 3. b4 Bg4 4. Qb3 a5 5. b5 a4 6. Qd3 c5 7. g3 Nd7 8. Bg2 e5 9.
Qc2 Bd6 10. d3 Ne7 11. Nbd2 Ng6 12. h3 Bf5 13. h4 h5 14. Ng5 f6 15. Nh3 Qc7 16.
Ne4 Be7 17. Bd2 Ngf8 18. b6 Nxb6 19. Rb1 Ra7 20. Qb2 Nbd7 21. f4 Ng6 22. O-O
exf4 23. Nxf4 Bxe4 24. Bxe4 Nxf4 25. Bxf4 Bd6 26. Bxb7 Bxf4 27. gxf4 O-O 28.
Bd5+ Kh8 29. e3 dxe3 30. Qe2 g6 31. Qxe3 f5 32. Qe7 Qd8 33. Rfe1 Ra6 34. Rb7
Qxe7 35. Rxe7 Nf6 36. Rec7 Rd6 37. Rxc5 Rfd8 38. Rbb5 Re8 39. Rc6 Rxc6 40. Bxc6
Re6 41. Bg2 Re2 42. c5 Rxa2 43. c6 Rc2 44. Ra5 Ng4 45. Bf3 Rc1+ 46. Kg2 Rc2+ 47.
Kh3 Nf2+ 48. Kg3 Nxd3 49. Ra8+ Kg7 50. Ra7+ Kf6 51. Bd5 Ne5 52. fxe5+ Kxe5 53.
Bf3 f4+ 54. Kh3 Rc3 55. Kg2 a3 56. Re7+ Kd6 57. Rd7+ Kc5 58. Rd5+ Kb6 59. Rd2
Ka5 60. Rd4 1/2-1/2

[Event "36th ECC Open 2021"]
[Site "Struga MKD"]
[Date "2021.09.20"]
[Round "3.14"]
[Board "4"]
[White "Kanyamarala, Trisha"]
[Black "Filipovic, Slobodan J"]
[Result "1/2-1/2"]
[WhiteTitle "WIM"]
[WhiteElo "2093"]
[BlackElo "2214"]
[WhiteTeam "Gonzaga"]
[BlackTeam "Gambit Bonnevoie"]
[WhiteFideId "45004722"]
[BlackFideId "939633"]
[EventDate "2021.09.18"]
[EventType "team"]

1. d4 Nf6 2. c4 g6 3. Nc3 d5 4. cxd5 Nxd5 5. e4 Nxc3 6. bxc3 Bg7 7. Be3 c5 8.
Nf3 O-O 9. Be2 Nc6 10. O-O Bg4 11. d5 Bxf3 12. Bxf3 Na5 13. Bxc5 Bxc3 14. Rc1
Be5 15. Be2 Rc8 16. Bb4 Rxc1 17. Qxc1 b6 18. Ba6 f5 19. exf5 Rxf5 20. Qc8 Qxc8
21. Bxc8 Rh5 22. g4 Rh3 23. Bxe7 Nc4 24. Re1 Kf7 25. Bg5 h6 26. Bc1 g5 27. Be3
Nxe3 28. fxe3 Rxh2 29. Rf1+ Ke7 30. Rf5 Bd6 31. e4 Re2 32. Be6 Bc5+ 33. Kf1 Rxe4
34. Rf7+ Kd6 35. Rxa7 Ke5 36. Rh7 Kf4 37. Rxh6 Kg3 38. Bf5 Rd4 39. Re6 Kf3 40.
Re1 Rd2 41. Rb1 Be3 42. Ke1 Rxa2 43. Be6 Re2+ 44. Kd1 Kf2 45. Rb3 Rd2+ 46. Kc1
Re2+ 47. Kb1 Bc5 1/2-1/2

[Event "36th ECC Open 2021"]
[Site "Struga MKD"]
[Date "2021.09.20"]
[Round "3.14"]
[Board "5"]
[White "Schwerteck, Michael"]
[Black "Pein, Jonathan"]
[Result "0-1"]
[BlackTitle "CM"]
[WhiteElo "2113"]
[BlackElo "2254"]
[WhiteTeam "Gambit Bonnevoie"]
[BlackTeam "Gonzaga"]
[WhiteFideId "4687078"]
[BlackFideId "417092"]
[EventDate "2021.09.18"]
[EventType "team"]

1. e4 e5 2. Nf3 d6 3. d4 exd4 4. Nxd4 Nf6 5. Nc3 g6 6. Be3 Bg7 7. Qd2 O-O 8.
O-O-O Nc6 9. f3 Nxd4 10. Bxd4 Be6 11. g4 c5 12. Be3 Qa5 13. Bh6 Bxh6 14. Qxh6 b5
15. Rxd6 a6 16. e5 Nd5 17. Rxd5 Bxd5 18. Be2 Rad8 19. h4 Qc7 20. Nxd5 Rxd5 21.
f4 f6 22. Bf3 Rd7 23. e6 Rd4 24. f5 Re8 25. Re1 Qf4+ 26. Qxf4 Rxf4 27. Bb7 Re7
28. Bxa6 b4 29. Rg1 Kf8 30. b3 gxf5 31. gxf5 Rxf5 32. Bc4 Rf4 33. Rd1 Rxh4 34.
Rd8+ Kg7 35. Rc8 Rh5 36. Kd2 Re5 37. Ra8 f5 38. Kd3 f4 39. Bb5 Re3+ 40. Kd2 Re5
41. c4 bxc3+ 42. Kxc3 Rf5 0-1

[Event "36th ECC Open 2021"]
[Site "Struga MKD"]
[Date "2021.09.20"]
[Round "3.14"]
[Board "6"]
[White "Carroll, Peter"]
[Black "Stern, Geoffrey"]
[Result "1-0"]
[WhiteTitle "CM"]
[WhiteElo "2059"]
[BlackElo "1948"]
[WhiteTeam "Gonzaga"]
[BlackTeam "Gambit Bonnevoie"]
[WhiteFideId "2510243"]
[BlackFideId "4002679"]
[EventDate "2021.09.18"]
[EventType "team"]

1. e4 e6 2. d4 d5 3. Nc3 Bb4 4. e5 Qd7 5. Qg4 f5 6. Qg3 b6 7. Nh3 Nc6 8. Bb5 Bb7
9. Nf4 O-O-O 10. Bd2 Qf7 11. Nce2 Bf8 12. a4 a6 13. Bxc6 Bxc6 14. h4 Ne7 15. a5
Bb5 16. axb6 cxb6 17. Nc3 Nc6 18. Nxb5 axb5 19. Qd3 Na7 20. Nxe6 Qxe6 21. Rxa7
Rd7 22. Ra2 Qc6 23. Qxf5 g6 24. Qf6 Qxc2 25. O-O Qxd2 26. Qc6+ Kd8 27. Ra8+ 1-0

[Event "36th ECC Open 2021"]
[Site "Struga MKD"]
[Date "2021.09.20"]
[Round "3.15"]
[Board "1"]
[White "Sorensen, Hampus"]
[Black "Smith, Axel"]
[Result "1/2-1/2"]
[WhiteTitle "FM"]
[BlackTitle "GM"]
[WhiteElo "2383"]
[BlackElo "2451"]
[WhiteTeam "Team Pelaro Alingsas"]
[BlackTeam "Lunds ASK"]
[WhiteFideId "8703884"]
[BlackFideId "1707930"]
[EventDate "2021.09.18"]
[EventType "team"]

1. d4 Nf6 2. c4 a6 3. Nc3 c5 4. d5 b5 5. Qc2 b4 6. Ne4 Nxe4 7. Qxe4 d6 8. b3 Nd7
9. Nf3 Nf6 10. Qc2 e6 11. dxe6 fxe6 12. g3 Be7 13. Bh3 e5 14. Bxc8 Qxc8 15. Bg5
O-O 16. Bxf6 gxf6 17. g4 f5 18. gxf5 Qxf5 19. Qxf5 Rxf5 20. Nd2 Kf7 21. Ne4 Ke6
22. O-O-O a5 23. Rhg1 a4 24. Kb2 a3+ 25. Kc2 Raf8 26. Rg2 Rh5 27. f3 Rh4 28. Kd3
Rh5 29. Ke3 Rh4 30. Kd3 Rh5 31. Ke3 Rh4 32. Kd3 1/2-1/2

[Event "36th ECC Open 2021"]
[Site "Struga MKD"]
[Date "2021.09.20"]
[Round "3.15"]
[Board "2"]
[White "Ahlander, Bjorn"]
[Black "Andreasson, Ingvar"]
[Result "0-1"]
[WhiteTitle "IM"]
[WhiteElo "2383"]
[BlackElo "2331"]
[WhiteTeam "Lunds ASK"]
[BlackTeam "Team Pelaro Alingsas"]
[WhiteFideId "1700251"]
[BlackFideId "1700294"]
[EventDate "2021.09.18"]
[EventType "team"]

1. d4 Nf6 2. c4 e6 3. Nf3 Bb4+ 4. Nc3 b6 5. Bg5 Bb7 6. e3 h6 7. Bh4 Bxc3+ 8.
bxc3 d6 9. Bd3 Nbd7 10. O-O Qe7 11. Nd2 g5 12. Bg3 h5 13. h3 h4 14. Bh2 g4 15.
hxg4 h3 16. g3 O-O-O 17. f3 d5 18. Re1 dxc4 19. Nxc4 Rhg8 20. Rb1 Rg5 21. Rb2 e5
22. Bf5 Rxf5 23. gxf5 e4 24. f4 Nc5 25. Ne5 Nd3 26. Nxd3 exd3 27. Qxd3 Ne4 28.
c4 Qf6 29. Qe2 Qxf5 30. d5 Rg8 31. Qf3 Rg4 32. Rd1 c5 33. Kf1 Qg6 34. f5 Qg5 35.
Ke1 Ba6 36. Rc2 Kd7 37. d6 Bb7 38. Rcd2 Bc6 39. Rd5 f6 40. R1d2 Nxd2 41. Kxd2
Rxc4 42. Kd3 Qg4 43. Qh1 Ra4 0-1

[Event "36th ECC Open 2021"]
[Site "Struga MKD"]
[Date "2021.09.20"]
[Round "3.15"]
[Board "3"]
[White "Agrest, Inna"]
[Black "Dragicevic, Drazen"]
[Result "1/2-1/2"]
[WhiteTitle "WIM"]
[BlackTitle "FM"]
[WhiteElo "2256"]
[BlackElo "2344"]
[WhiteTeam "Team Pelaro Alingsas"]
[BlackTeam "Lunds ASK"]
[WhiteFideId "1708830"]
[BlackFideId "1707922"]
[EventDate "2021.09.18"]
[EventType "team"]

1. e4 Nf6 2. e5 Nd5 3. d4 d6 4. c4 Nb6 5. exd6 exd6 6. Be2 Be7 7. Nf3 O-O 8. h3
Bf6 9. O-O Nc6 10. Nc3 Re8 11. a4 a5 12. Be3 Nb4 13. Rc1 d5 14. b3 Be6 15. c5
Nd7 16. Nb5 Nf8 17. Bf4 Rc8 18. Qd2 Ng6 19. Bg3 Bf5 20. Rfe1 Re4 21. Bf1 Bd7 22.
Nc3 Rxe1 23. Rxe1 c6 24. Bd3 Be6 25. Na2 Nxd3 26. Qxd3 b6 27. Rc1 bxc5 28. Rxc5
Be7 29. Rc1 c5 30. dxc5 Rxc5 31. Rxc5 Bxc5 32. Nc3 Ne7 33. Qb5 Bb6 34. Bh4 f6
35. Ne2 Nf5 36. Bg3 Nxg3 37. Nxg3 d4 38. Ne4 d3 39. Ned2 Bc7 40. Nd4 Bf7 41.
Qxd3 Qd6 42. N2f3 Qc5 43. Qd2 g6 44. Qe1 Bb6 45. Qe3 Qb4 46. g3 Qd6 47. Qc3 Bd5
48. Qc8+ Kf7 49. Qg4 h5 50. Qf4 Qxf4 51. gxf4 Ke7 52. Kf1 Kd6 53. Ke2 Kc5 54.
Kd3 Kb4 55. Kc2 Bc7 56. Ne1 Be4+ 57. Kb2 Bxf4 58. Nec2+ Bxc2 59. Kxc2 Bc7 60.
Ne6 Be5 61. f3 g5 62. Ng7 h4 63. Nf5 Kc5 64. Kd3 Kb4 65. Kc2 Kc5 66. Kd3 Kb4 1/2-1/2

[Event "36th ECC Open 2021"]
[Site "Struga MKD"]
[Date "2021.09.20"]
[Round "3.15"]
[Board "4"]
[White "Jogstad, Martin"]
[Black "Rasti, Arvin"]
[Result "1/2-1/2"]
[WhiteTitle "FM"]
[WhiteElo "2341"]
[BlackElo "2219"]
[WhiteTeam "Lunds ASK"]
[BlackTeam "Team Pelaro Alingsas"]
[WhiteFideId "1715364"]
[BlackFideId "1741160"]
[EventDate "2021.09.18"]
[EventType "team"]

1. c4 Nf6 2. Nf3 g6 3. Nc3 Bg7 4. d4 O-O 5. e4 d6 6. Be2 Bg4 7. Be3 Nfd7 8. Ng1
Bxe2 9. Ngxe2 a6 10. Qd2 c5 11. O-O cxd4 12. Nxd4 Nc6 13. Rfd1 Rc8 14. b3 Qa5
15. Rac1 Nxd4 16. Bxd4 Bxd4 17. Qxd4 Nf6 18. Qd2 Qb4 19. g4 Rfe8 20. g5 Nd7 21.
Nd5 Qxd2 22. Rxd2 h6 23. h4 Kg7 24. Kg2 hxg5 25. hxg5 f6 26. gxf6+ Nxf6 27. Nxf6
Kxf6 28. Rc3 Rc5 29. Rf3+ Kg7 30. Rg3 Rf8 31. Rg4 b5 32. Rd5 Rxd5 33. exd5 Rc8
34. Kf3 Rc5 35. Rd4 bxc4 36. bxc4 Ra5 37. Rd2 Ra4 38. Rc2 Kf6 39. Ke4 Ra3 40.
Re2 Rc3 41. Kd4 Ra3 42. Rc2 Kf7 43. Ke4 Kf6 44. Kf4 Ra4 45. Ke4 1/2-1/2

[Event "36th ECC Open 2021"]
[Site "Struga MKD"]
[Date "2021.09.20"]
[Round "3.15"]
[Board "5"]
[White "Wengholm, Anders"]
[Black "Storme, Isak"]
[Result "0-1"]
[BlackTitle "FM"]
[WhiteElo "2198"]
[BlackElo "2304"]
[WhiteTeam "Team Pelaro Alingsas"]
[BlackTeam "Lunds ASK"]
[WhiteFideId "1704818"]
[BlackFideId "1728113"]
[EventDate "2021.09.18"]
[EventType "team"]

1. Nf3 d5 2. g3 Nc6 3. Bg2 e5 4. d3 h5 5. O-O h4 6. Nxh4 g5 7. Nf3 g4 8. Ne1 f5
9. c4 d4 10. f4 gxf3 11. Nxf3 Nh6 12. e3 Ng4 13. exd4 Nxd4 14. h3 Bc5 15. Kh1
Nxf3 16. Qxf3 Qd4 17. Nc3 Nf2+ 18. Kh2 Ng4+ 19. Kh1 Nf2+ 20. Kh2 f4 21. Ne2 Nxh3
22. Nxd4 Ng5+ 23. Kg1 Nxf3+ 24. Rxf3 Bxd4+ 25. Kf1 Bg4 0-1

[Event "36th ECC Open 2021"]
[Site "Struga MKD"]
[Date "2021.09.20"]
[Round "3.15"]
[Board "6"]
[White "Nord, Alexander"]
[Black "Johansson, Eva"]
[Result "1-0"]
[WhiteElo "2144"]
[BlackElo "1847"]
[WhiteTeam "Lunds ASK"]
[BlackTeam "Team Pelaro Alingsas"]
[WhiteFideId "1738135"]
[BlackFideId "1724584"]
[EventDate "2021.09.18"]
[EventType "team"]

1. d4 d6 2. Nf3 Nf6 3. g3 g6 4. Bg2 Bg7 5. O-O O-O 6. b3 Na6 7. Bb2 c5 8. e3 Rb8
9. Nbd2 b6 10. c4 Bg4 11. h3 Bd7 12. d5 Qc8 13. Kh2 Ng4+ 14. hxg4 Bxb2 15. Rb1
Bg7 16. g5 Nc7 17. Ng1 b5 18. Bh3 a5 19. Qc2 Ra8 20. e4 b4 21. Bxd7 Qxd7 22.
Ngf3 a4 23. Rbe1 axb3 24. axb3 Ra3 25. e5 Rfa8 26. Re2 Ra1 27. Rxa1 Rxa1 28. Kg2
Qg4 29. Qe4 Qxe4 30. Nxe4 Bf8 31. exd6 exd6 32. Nf6+ Kg7 33. Nh2 h6 34. f4 hxg5
35. fxg5 Ra3 36. Re4 1-0

[Event "36th ECC Open 2021"]
[Site "Struga MKD"]
[Date "2021.09.20"]
[Round "3.16"]
[Board "2"]
[White "Kjartansson, David"]
[Black "Hammes, Michael"]
[Result "1-0"]
[WhiteTitle "IM"]
[BlackTitle "IM"]
[WhiteElo "2326"]
[BlackElo "2345"]
[WhiteTeam "Viking  Chess Club"]
[BlackTeam "De Sprenger Echternach"]
[WhiteFideId "2301130"]
[BlackFideId "4619358"]
[EventDate "2021.09.18"]
[EventType "team"]

1. d4 d5 2. Nc3 Nf6 3. Bf4 Bf5 4. e3 e6 5. Nf3 Be7 6. Ne5 Nfd7 7. g4 Bg6 8. Nb5
Na6 9. Nxg6 hxg6 10. a3 g5 11. Bg3 Nf6 12. Nc3 Nb8 13. Qf3 c6 14. h4 Ne4 15.
Nxe4 dxe4 16. Qxe4 gxh4 17. Bc4 Qa5+ 18. c3 Nd7 19. f3 O-O-O 20. Bh2 Nf6 21. Qc2
Nd5 22. Bxd5 cxd5 23. O-O-O b6 24. Kb1 Kb7 25. e4 g5 26. Rhe1 Rd7 27. Qd2 Rc8
28. Rc1 Qb5 29. Ka1 a5 30. Qe2 Qxe2 31. Rxe2 b5 32. Kb1 a4 33. Kc2 dxe4 34. Rxe4
Rd5 35. Rf1 Rc6 36. Kd3 Bd8 37. Re2 Kc8 38. Rfe1 Kd7 39. Re5 f6 40. R5e2 Ke7 41.
f4 Kf7 42. Ke3 gxf4+ 43. Bxf4 e5 44. Ke4 Rcd6 45. dxe5 fxe5 46. Bxe5 Rd7 47. Bd4
Kg6 48. Kf3 Bg5 49. Re6+ Kf7 50. Rb6 Bd2 51. Rf6+ Kg8 52. Re8+ Kh7 53. Rff8 Bc1
54. Rh8+ Kg6 55. Reg8+ Kf7 56. Re8 Rxd4 57. cxd4 Rxd4 58. Rhf8+ Kg7 59. Rf5 Bxb2
60. Re7+ Kg6 61. Re6+ Kg7 62. Rxb5 Bxa3 63. Rb7+ Kf8 64. Ra6 Be7 65. Ra8+ Bd8
66. Ke3 Rd1 67. Rxa4 Be7 68. Ke2 Rd6 69. Rf4+ Ke8 70. Re4 Rd7 71. Rb5 Kf7 72. g5
Kg6 73. Rxh4 Bf8 74. Rc4 Be7 75. Rc6+ Kh5 76. Rh6+ Kg4 77. Rh7 Ra7 78. g6 Ra2+
79. Kd3 Bf6 80. Rf7 Ba1 81. g7 Ra8 82. Rb1 Rd8+ 83. Ke4 Re8+ 84. Kd5 Rd8+ 85.
Ke6 1-0

[Event "36th ECC Open 2021"]
[Site "Struga MKD"]
[Date "2021.09.20"]
[Round "3.16"]
[Board "3"]
[White "Gibicar, Danijel"]
[Black "Thorhallsson, Simon"]
[Result "0-1"]
[WhiteTitle "FM"]
[WhiteElo "2271"]
[BlackElo "2237"]
[WhiteTeam "De Sprenger Echternach"]
[BlackTeam "Viking  Chess Club"]
[WhiteFideId "24660256"]
[BlackFideId "2310090"]
[EventDate "2021.09.18"]
[EventType "team"]

1. e4 e6 2. d4 d5 3. Nc3 Bb4 4. e5 c5 5. a3 Bxc3+ 6. bxc3 Ne7 7. Nf3 b6 8. Bb5+
Bd7 9. Bd3 Ba4 10. h4 c4 11. Be2 Na6 12. h5 h6 13. O-O Qd7 14. Re1 O-O-O 15. Nh2
Nc7 16. Bf4 Kb7 17. Nf1 Rdf8 18. Bg4 Nf5 19. Bh3 Rfg8 20. g4 Ne7 21. Bg3 g6 22.
Ne3 gxh5 23. gxh5 Ka6 24. Kh2 Nf5 25. Nxf5 exf5 26. Bh4 Ne6 27. Bf6 Nf4 28. Bf1
Rh7 29. Qf3 Rg4 30. Rac1 Nxh5 31. Bh3 Nxf6 32. exf6 h5 33. Re5 Bc6 34. Qxf5 Qxf5
35. Rxf5 Rh4 36. Rg1 Bd7 37. Rf3 Bxh3 38. Rxh3 Rxh3+ 39. Kxh3 Rh6 40. Rg5 Rxf6
41. Rxh5 Rxf2 42. Re5 Rxc2 43. a4 Rxc3+ 44. Kg2 Rd3 45. Re7 c3 46. Rc7 Rxd4 47.
Rxc3 Rxa4 48. Rf3 Re4 49. Rxf7 b5 50. Kf3 Re8 51. Rf6+ Ka5 0-1

[Event "36th ECC Open 2021"]
[Site "Struga MKD"]
[Date "2021.09.20"]
[Round "3.16"]
[Board "4"]
[White "Bjornsson, Tomas"]
[Black "Gnichtel, Gerd"]
[Result "1/2-1/2"]
[WhiteTitle "FM"]
[WhiteElo "2175"]
[BlackElo "2136"]
[WhiteTeam "Viking  Chess Club"]
[BlackTeam "De Sprenger Echternach"]
[WhiteFideId "2300303"]
[BlackFideId "4637127"]
[EventDate "2021.09.18"]
[EventType "team"]

1. d4 Nf6 2. Nf3 g6 3. g3 Bg7 4. Bg2 O-O 5. O-O d6 6. c4 Nc6 7. Nc3 a6 8. b3 Rb8
9. Bb2 Bd7 10. d5 Na5 11. Nd4 c5 12. dxc6 bxc6 13. Rb1 Qb6 14. Nc2 Rfd8 15. e4
Nb7 16. Na4 Qc7 17. Ne3 e5 18. Qe2 Be6 19. Rbd1 Nd7 20. Bc3 Nb6 21. Nxb6 Qxb6
22. Kh1 a5 23. Qd3 Nc5 24. Qe2 Qa6 25. Qc2 f6 26. h4 Bf7 27. Kh2 Ne6 28. Bh3 Bh6
29. Ng4 Bg7 30. Ne3 Bh6 31. Ng4 Bg7 32. Ne3 1/2-1/2

[Event "36th ECC Open 2021"]
[Site "Struga MKD"]
[Date "2021.09.20"]
[Round "3.16"]
[Board "5"]
[White "Sparwel, Oliver"]
[Black "Petursson, Gudni"]
[Result "1/2-1/2"]
[WhiteElo "2013"]
[BlackElo "2016"]
[WhiteTeam "De Sprenger Echternach"]
[BlackTeam "Viking  Chess Club"]
[WhiteFideId "4002660"]
[BlackFideId "2301725"]
[EventDate "2021.09.18"]
[EventType "team"]

1. d4 Nf6 2. c4 e6 3. a3 d5 4. e3 Be7 5. Nf3 O-O 6. Nc3 b6 7. cxd5 exd5 8. Be2
Bb7 9. O-O Nbd7 10. b4 c6 11. Bb2 Bd6 12. Nd2 Qe7 13. Bf3 a5 14. b5 c5 15. dxc5
bxc5 16. Nc4 dxc4 17. Bxb7 Rad8 18. g3 Ne5 19. Bg2 Nd3 20. Qc2 Nxb2 21. Qxb2 Be5
22. Rac1 Rd3 23. Rc2 Rb8 24. Rb1 Nd7 25. Qc1 Nb6 26. e4 Bd4 27. Nd5 Nxd5 28.
exd5 Qf6 29. a4 Rb3 30. Re2 g6 31. Qc2 Rxb1+ 32. Qxb1 c3 33. Qd3 Kg7 34. h4 h5
35. Qf3 Qd8 36. Qf4 Rb6 37. Kf1 Rf6 38. Qe4 Qd6 39. f4 Qc7 40. Ke1 Qd7 41. Kd1 1/2-1/2

[Event "36th ECC Open 2021"]
[Site "Struga MKD"]
[Date "2021.09.20"]
[Round "3.16"]
[Board "6"]
[White "Ingason, Sigurdur"]
[Black "Densing, Gerd"]
[Result "1/2-1/2"]
[WhiteElo "1805"]
[BlackElo "1762"]
[WhiteTeam "Viking  Chess Club"]
[BlackTeam "De Sprenger Echternach"]
[WhiteFideId "2301709"]
[BlackFideId "24621013"]
[EventDate "2021.09.18"]
[EventType "team"]

1. d4 d5 2. c4 e6 3. Nc3 Nf6 4. cxd5 exd5 5. Bg5 Be7 6. e3 O-O 7. Bd3 Nc6 8. Qc2
h6 9. Bh4 Nh5 10. Bxe7 Qxe7 11. Nge2 Qg5 12. Ng3 Nxg3 13. hxg3 Ne7 14. Ne2 f5
15. Nf4 Rf6 16. Nh3 Qg6 17. Nf4 Qg5 18. Nh3 Qg6 19. Nf4 Qg5 20. Nh3 1/2-1/2